DER ROMAN TZU-YEH VON MAO TUN - EIN BEDEUTENDES REALISTISCHES WERK DER NEUEN CHINESISCHEN LITERATUR

Bibliographic Details
Main Author: Gruner, Fritz (Author)
Format: Article
Language:German

MARC

LEADER 00000nab a2200000ua 4500
001 vtls010840214
003 SK-MaSNL
005 20260303144331.0
008 230222s1975 xo |||||||||||||||||ger|
035 |a (urnnbn)urn:nbn:sk:snk:ar-a06xbc 
035 |a urn:nbn:sk:snk-ab631s 
035 |a (uuid)ad02ba5e-2a90-40e8-885a-e6ae37809769 
040 |a SNKBUCL  |b slo  |c SNKBUCL  |e AACR2 
041 0 |a ger 
044 |a xo  |c SK 
100 1 |a Gruner, Fritz  |4 aut  |9 1165575 
245 1 0 |a DER ROMAN TZU-YEH VON MAO TUN - EIN BEDEUTENDES REALISTISCHES WERK DER NEUEN CHINESISCHEN LITERATUR  |c Fritz Gruner 
773 0 |t Asian and African studies  |g Roč. 11, č. 1 (1975), s. 57-72 
958 |a OND 
958 |a EUIPO 
958 |a article5 
999 |c 1996539  |d 1998469